000 00894cam a22002777a 4500
003 CHAP
005 20220329134350.0
008 971013s1980 r 00010 d
010 _a19410
011 _a20382
035 _a24470
040 _cCHAP
090 _aD-8
110 2 _aCentro Internacional de Agricultura Tropical
_921185
245 1 0 _aPrincipios básicos para el manejo y control de las malezas en los cultivos (Diapositiva)
260 _aCali :
_b(El Centro),
_c1980
300 _a85 diapositivas col. 2 x 2 plg. y 1 cassette (guía del maestro) y guía de estudio
500 _a25 c. de guía de estudio
590 _aBATCH-UPD
_b10
_c20130110
_lUCH01
_h0909
590 _aCONVERSION
_b10
_c20130109
_lUCH01
_h1312
650 1 4 _aHerbicidas.
_953691
650 1 4 _aMalas hierbas
_xControl.
_970011
901 _aBK
942 _cD
949 _aD-8
_bBC
_cD
_d-56361
_eD
_i24470
_si
999 _c19410
_d19410